LEADER 01220nam a2200253 i 4500 001 991001117529707536 005 20020507183601.0 008 990702s1998 it ||| | eng 035 $ab10803336-39ule_inst 035 $aLE01307296$9ExL 040 $aDip.to Matematica$beng 082 0 $a530.15 084 $aAMS 73A05 100 1 $aMazzini, Giacomo$0536036 245 10$aMathematical representation of complex bodies; their balance equations; problems related to a possible linearization. Tesi di dottorato /$ccandidato G. Mazzini ; coord. M. Giaquinta ; tut. G. Capriz 260 $aPisa :$bConsorzio delle Università di Pisa, Bari, Ferrara, Lecce, Parma. Dottorato di Ricerca in Matematica-VIII ciclo,$c[1998] 300 $aviii, 86 p. ;$c29 cm. 650 4$aAxiomatic foundations 907 $a.b10803336$b02-04-14$c28-06-02 912 $a991001117529707536 945 $aLE013 PHD 1998 MAZ1$g1$i2013000116860$lle013$o-$pE0.00$q-$rl$s- $t0$u0$v0$w0$x0$y.i10907671$z28-06-02 996 $aMathematical representation of complex bodies; their balance equations; problems related to a possible linearization. Tesi di dottorato$9925379 997 $aUNISALENTO 998 $ale013$b01-01-99$cm$da $e-$feng$git $h0$i1